000
00285nam a2200109Ia 4500
008
190216s9999||||xx |||||||||||||| ||und||
100
_a
Kishor Kumar
245
0
_a
Hindi-Bharat Main Sampradayikata Ateet Aur Vartman
260
_b
Moohim Publicaion
_c
2005
650
_a
Hindi
942
_c
BK
999
_c
16427
_d
16427